000 00466cam a22001457a 4500
008 180718b2001 xxu||||| |||| 00| 0 eng d
082 _aBA27x54 Sh23tri
100 _aSharma, B.D.
245 _aTribal affairs in India: the crucial transition
_cby B.D. Sharma
260 _aNew Delhi
_bSahyog
_c2001
300 _a514p.
650 _aIndia --Scheduled tribes --Economic conditions.
650 _aCooperation --India
650 _aEconomic assistance, Domestic --India
999 _c404324
_d404324